000 00299nam a22001217a 4500
008 180922b xxu||||| |||| 00| 0 eng d
041 _aeng
080 _a618
100 _a10
101 _aGJIN
245 _aEvaluating and Treating Obstetric & Gynecologic Infections
_cGibbs, R.S
942 _2udc
_cBK
999 _c48237
_d48237